Expert en Rap FR? Spécial vrais prénoms #3 - Statistiques

Statistiques générales
  • Ce quiz a été pris 59 fois
  • Le résultat moyen est 5 sur 16
Statistiques - réponses
Hint Réponse % Correct
Tarik Andrieu Ademo
78%
Nabil Andrieu Nos
76%
Valentin Le Du Vald
75%
Marcel Junior Loutarila Koba la D
55%
Alpha Diallo Black M
45%
Mohamed Sylla MHD
43%
Wanani Gradi Mariadi Gradur
33%
Aurélien N'zuzi Zola
33%
Guy-Fernand Kapata Guy2bezbar
24%
Azzedine Hedhli Dinaz
12%
Gianni Bellou Djadja
12%
Mounir Ben Chettouh Hornet la frappe
6%
Dorian N'Goumou Dosseh
4%
Gédéon Mundele Ngolo Franglish
4%
Karim Djeriou Heuss l’enfoiré
4%
Bryan Mounkala Bolemvn
2%
Aucun quiz correspondant
Distribution des résultats
% des personnes avec chaque résultat
Percentile par nombre de réponses
Votre historique - résultats
Vous n’avez pas pris ce quiz